Statistics for Last Monarchs of Countries

Click here to take the quiz!

General Stats

  • This quiz has been taken 112 times
  • The average score is 7 of 20

Answer Stats

CountryAbdicatedMonarch% Correct
Russia1917Nicholas II
99%
Germany1918Wilhelm II
88%
France1870Napoleon III
85%
Ethiopia1974Haile Selassie
63%
Brazil1889Pedro II
54%
Italy1946Umberto II
51%
Greece1973Constantine II
45%
Romania1947Michael
42%
Mexico1867Maximilian
40%
Iran1979Mohammad {Reza}
32%
China1912Puyi
31%
Portugal1910Manuel II
23%
Hungary1918Charles IV
20%
Serbia1918Peter
17%
Poland1795Stanisław II August
13%
Libya1969Idris
8%
Georgia1800George XII
8%
Afghanistan1973Mohammed {Zahir}
4%
Haiti1820Henri Christophe
3%
Myanmar1885Thibaw Min
2%

Score Distribution

Percentile by Number Answered

Percent of People with Each Score

Your Score History

You have not taken this quiz